000 00656nam a22002057a 4500
008 170424b xxu||||| |||| 00| 0 eng d
020 _a9715502148
082 _21997
_aDFil 899.2111
_bV71
100 _920160
_aVillareal, Corazon
245 _aSiday:
_bmga tulang bayan ng Panay at Negros/
_cCorazon Villareal.
260 _aQuezon City:
_bADMU Press,
_cc1997.
300 _aix, 238 pages;
_c18 cm.
500 _aIncludes bibliographical references.
650 0 _920165
_aHiligaynon poetry.
650 0 _920166
_aKinaray-a poetry.
650 0 _920167
_aAklanon poetry.
650 0 _920168
_aFilipino poetry.
365 _b137.50
_cPhp.
942 _2ddc
_cDFIL
999 _c6659
_d6659